[Event "LTU-ch Rapid"]
[Site "Taujenai"]
[Date "2022.12.04"]
[Round "8"]
[White "Mecelica, Erikas"]
[Black "Misiuk, Martynas"]
[Result "1/2-1/2"]
[WhiteElo "2003"]
[BlackElo "1809"]
[PlyCount "91"]
[EventDate "2022.12.03"]
[EventType "swiss (rapid)"]
[EventRounds "10"]
[EventCountry "LTU"]
[SourceTitle "CBM 211 Extra"]
[Source "ChessBase"]
[SourceDate "2023.01.31"]
[SourceVersion "1"]
[SourceVersionDate "2023.01.31"]
[SourceQuality "1"]

1. e4 c5 2. Nf3 g6 3. d4 cxd4 4. Nxd4 Bg7 5. Be3 Nc6 6. Nc3 Nf6 7. Nxc6 bxc6 8. e5 Nd5 9. Nxd5 cxd5 10. Bd4 0-0 11. Bd3 d6 12. Qe2 Qc7 13. f4 Rb8 14. 0-0 dxe5 15. fxe5 f6 16. Rae1 fxe5 17. Bxe5 Rxf1+ 18. Kxf1 Qxe5 19. Qxe5 Bxe5 20. Rxe5 e6 21. b3 Bd7 22. c4 dxc4 23. Bxc4 Kf7 24. Rc5 Rc8 25. Ra5 Rc7 26. g4 Kf6 27. g5+ Ke7 28. Ke2 Kd6 29. Ke3 Bc6 30. h4 Rf7 31. Ra6 Rf3+ 32. Ke2 Rf4 33. Ke3 Rxh4 34. Bb5 Rh3+ 35. Kf4 e5+ 36. Kg4 Rc3 37. Bxc6 Rxc6 38. Rxa7 Rc2 39. Kf3 Rc3+ 40. Ke4 Rg3 41. Ra6+ Ke7 42. Kxe5 Rxg5+ 43. Kf4 Rf5+ 44. Kg4 Rd5 45. Ra7+ Rd7 46. Kf4 1/2-1/2

[Event "LTU-ch U16"]
[Site "Kaunas"]
[Date "2022.02.18"]
[Round "5"]
[White "Mecelica, Erikas"]
[Black "Pidluznij, Gleb"]
[Result "0-1"]
[WhiteElo "1591"]
[BlackElo "2046"]
[PlyCount "174"]
[EventDate "2022.02.16"]
[EventType "swiss"]
[EventRounds "8"]
[EventCountry "LTU"]
[SourceTitle "CBM 207 Extra"]
[Source "ChessBase"]
[SourceDate "2022.05.31"]
[SourceVersion "1"]
[SourceVersionDate "2022.05.31"]
[SourceQuality "1"]

1. e4 c5 2. Nf3 d6 3. c4 Bg4 4. Be2 Nc6 5. d3 g6 6. Nc3 Bg7 7. Be3 Bxf3 8. Bxf3 e6 9. 0-0 Nge7 10. g3 Nd4 11. Bg2 0-0 12. f4 Rb8 13. Kh1 b5 14. Bxd4 cxd4 15. Nxb5 a6 16. Na3 Rxb2 17. Qa4 Qa8 18. Rfb1 Rfb8 19. Qd1 Nf5 20. Qc1 Rxb1 21. Rxb1 Ne3 22. Bf3 e5 23. fxe5 Bxe5 24. Nc2 Rxb1 25. Qxb1 Qc8 26. Nxe3 dxe3 27. Kg2 Qc5 28. Qc2 h5 29. Qe2 a5 30. h4 Bf6 31. Kh3 Bd4 32. g4 hxg4+ 33. Bxg4 Kg7 34. Qf3 Bc3 35. h5 Qg5 36. hxg6 fxg6 37. Kg2 a4 38. Kf1 a3 39. Ke2 Bd4 40. Qh3 Qf6 41. Bf3 Bc5 42. Qd7+ Kh6 43. Qh3+ Kg7 44. Qd7+ Qf7 45. Qg4 Qb7 46. Kf1 Qb1+ 47. Bd1 Qxd3+ 48. Be2 Qb1+ 49. Kg2 Qe1 50. Qd7+ Kh6 51. Qh3+ Kg7 52. Qd7+ Kh6 53. Qh3+ Kg5 54. Qg4+ Kf6 55. Qf4+ Kg7 56. Qg4 Qf2+ 57. Kh1 Qf6 58. Qd7+ Kh8 59. Qh3+ Kg8 60. Qc8+ Kg7 61. Qd7+ Qf7 62. Qg4 Qf6 63. Qd7+ Qf7 64. Qg4 Bd4 65. e5 Qb7+ 66. Kg1 Qb1+ 67. Kg2 Qb7+ 68. Bf3 Qb2+ 69. Be2 Bxe5 70. Qd7+ Kh6 71. Qh3+ Kg5 72. Qxe3+ Kf6 73. Qf3+ Kg7 74. Qg4 Qxa2 75. Qd7+ Kh6 76. Qh3+ Kg5 77. Qg4+ Kf6 78. Qh4+ Kf7 79. Qf2+ Bf6 80. Qa7+ Be7 81. Qf2+ Ke8 82. Qf3 Qb2 83. Qc6+ Kf8 84. Qa8+ Kg7 85. Qe4 Bf6 86. Kh3 Qe5 87. Qb7+ Qe7 0-1

[Event "LTU-ch U16"]
[Site "Kaunas"]
[Date "2022.02.17"]
[Round "3"]
[White "Mecelica, Erikas"]
[Black "Praspaliauskas, Matas"]
[Result "1-0"]
[WhiteElo "1591"]
[BlackElo "1372"]
[PlyCount "57"]
[EventDate "2022.02.16"]
[EventType "swiss"]
[EventRounds "8"]
[EventCountry "LTU"]
[SourceTitle "CBM 207 Extra"]
[Source "ChessBase"]
[SourceDate "2022.05.31"]
[SourceVersion "1"]
[SourceVersionDate "2022.05.31"]
[SourceQuality "1"]

1. e4 e5 2. Nf3 Nc6 3. Bc4 Bc5 4. d3 h6 5. Be3 Bb6 6. Nc3 Nf6 7. d4 exd4 8. Nxd4 0-0 9. 0-0 Ne5 10. Be2 d5 11. exd5 Nxd5 12. Nxd5 Qxd5 13. c3 Nc4 14. Bxc4 Qxc4 15. Qf3 Be6 16. Qg3 Kh7 17. Rfe1 Rfe8 18. Qf4 Bxd4 19. Bxd4 c5 20. b3 Qd5 21. Re5 Qd7 22. Rxc5 Bd5 23. h3 Re4 24. Qg3 g6 25. Rd1 Rae8 26. Be3 R4e5 27. c4 Qd6 28. Rcxd5 Rxd5 29. Qxd6 1-0

[Event "LTU-ch U16"]
[Site "Kaunas"]
[Date "2022.02.16"]
[Round "1"]
[White "Mecelica, Erikas"]
[Black "Remeika, Ugnius"]
[Result "1-0"]
[WhiteElo "1591"]
[BlackElo "1244"]
[PlyCount "49"]
[EventDate "2022.02.16"]
[EventType "swiss"]
[EventRounds "8"]
[EventCountry "LTU"]
[SourceTitle "CBM 207 Extra"]
[Source "ChessBase"]
[SourceDate "2022.05.31"]
[SourceVersion "1"]
[SourceVersionDate "2022.05.31"]
[SourceQuality "1"]

1. e4 e6 2. d4 d5 3. e5 c5 4. c3 Qb6 5. Bd3 Nc6 6. Nf3 Bd7 7. 0-0 cxd4 8. cxd4 Nxd4 9. Nbd2 Bc5 10. Nxd4 Bxd4 11. Nf3 Bc5 12. Ng5 g6 13. Qf3 Nh6 14. Qf6 0-0 15. Nxh7 Kxh7 16. Qh4 Rh8 17. Qxh6+ Kg8 18. Qg5 Rh5 19. Qg3 Bd4 20. Bf4 Kh7 21. Be2 Rf5 22. Bg4 Bxb2 23. Rab1 Rxf4 24. Qxf4 Bxe5 25. Qxf7+ 1-0

[Event "LTU-ch U16 Rapid"]
[Site "Vilnius"]
[Date "2021.09.19"]
[Round "6"]
[White "Mecelica, Erikas"]
[Black "Indriunas, Matas"]
[Result "1/2-1/2"]
[WhiteElo "1940"]
[BlackElo "2084"]
[PlyCount "83"]
[EventDate "2021.09.18"]
[EventType "swiss (rapid)"]
[EventRounds "8"]
[EventCountry "LTU"]
[SourceTitle "EXT 2023"]
[Source "ChessBase"]
[SourceDate "2022.10.05"]
[SourceVersion "1"]
[SourceVersionDate "2022.10.05"]
[SourceQuality "1"]

1. e4 c5 2. Nf3 g6 3. d4 cxd4 4. Nxd4 Bg7 5. Nc3 Nc6 6. Be3 Nf6 7. Be2 0-0 8. Qd2 d6 9. Nb3 Be6 10. 0-0 Qc8 11. Bh6 Rd8 12. Bxg7 Kxg7 13. f4 Bg4 14. Bd3 Nb4 15. a3 Nxd3 16. cxd3 Qc6 17. Qf2 Qa6 18. h3 Be6 19. Nc1 b5 20. Qd4 Rab8 21. N1e2 Qb6 22. Rfc1 Bd7 23. Qxb6 Rxb6 24. b4 e5 25. Kf2 Be6 26. Nd1 Ra8 27. Ne3 a5 28. g4 h6 29. f5 Bd7 30. Nc3 Bc6 31. h4 g5 32. hxg5 hxg5 33. Rcb1 Rba6 34. bxa5 Rxa5 35. Rb3 Nd7 36. Ncd5 Nc5 37. Rc3 Bxd5 38. Nxd5 R8a6 39. Ke3 Ra4 40. Nc7 R6a5 41. Nd5 Ra7 42. Nb6 1/2-1/2

[Event "LTU-ch Rapid op"]
[Site "Vilnius"]
[Date "2021.07.17"]
[Round "6"]
[White "Pultinevicius, Paulius"]
[Black "Mecelica, Erikas"]
[Result "1-0"]
[WhiteElo "2519"]
[BlackElo "1893"]
[PlyCount "85"]
[EventDate "2021.07.17"]
[EventType "swiss (rapid)"]
[EventRounds "9"]
[EventCountry "LTU"]
[SourceTitle "EXT 2023"]
[Source "ChessBase"]
[SourceDate "2022.10.05"]
[SourceVersion "1"]
[SourceVersionDate "2022.10.05"]
[SourceQuality "1"]

1. d4 d5 2. c4 c6 3. Nf3 e6 4. Qc2 f5 5. g3 Nf6 6. Bg2 Bd6 7. 0-0 0-0 8. Nc3 Ne4 9. Rb1 Nd7 10. b4 a6 11. a4 Ndf6 12. b5 Nxc3 13. Qxc3 Ne4 14. Qc2 axb5 15. axb5 Be7 16. Ne5 Bf6 17. bxc6 Bxe5 18. cxb7 Bxb7 19. dxe5 Qc7 20. f3 Nc5 21. cxd5 Bxd5 22. Be3 Na6 23. Qxc7 Nxc7 24. Rfc1 Rfc8 25. Rb2 Ne8 26. Rxc8 Rxc8 27. Kf2 h6 28. h3 Ra8 29. g4 fxg4 30. hxg4 Kf7 31. Rc2 Ra3 32. Bc1 Ra4 33. Kg3 g5 34. Rc3 Ra2 35. Bf1 Ng7 36. Rc7+ Kg6 37. e3 h5 38. Bd3+ Kh6 39. Rf7 h4+ 40. Kh3 Nf5 41. e4 Rf2 42. gxf5 Rxf3+ 43. Kh2 1-0

[Event "Wch FIDE Online U14 Europe qual"]
[Site "Tornelo INT"]
[Date "2020.12.08"]
[Round "5"]
[White "Mecelica, Erikas"]
[Black "Trofimov, Pavel"]
[Result "0-1"]
[WhiteElo "1893"]
[BlackElo "1938"]
[PlyCount "64"]
[EventDate "2020.12.07"]
[EventType "swiss (rapid)"]
[EventRounds "7"]
[EventCountry "ISS"]
[SourceTitle "EXT 2022"]
[Source "ChessBase"]
[SourceDate "2021.10.06"]
[SourceVersion "1"]
[SourceVersionDate "2021.10.06"]
[SourceQuality "1"]

1. e4 c5 2. Nf3 d6 3. d4 cxd4 4. Nxd4 Nf6 5. Nc3 a6 6. Be2 e5 7. Nb3 Be7 8. Be3 0-0 9. f3 Be6 10. 0-0 Nbd7 11. Qe1 b5 12. a3 Nb6 13. Bxb6 Qxb6+ 14. Kh1 d5 15. exd5 Nxd5 16. Nxd5 Bxd5 17. Bd3 f6 18. Rd1 Rad8 19. Qh4 g6 20. Qf2 Qxf2 21. Rxf2 f5 22. Rfd2 Bg5 23. Rf2 Rfe8 24. h3 e4 25. fxe4 fxe4 26. Be2 e3 27. Rff1 Bc4 28. Nc1 Rd2 29. Bxc4+ bxc4 30. Rfe1 Bh4 31. g3 Bxg3 32. Rxd2 exd2 0-1

[Event "Wch FIDE Online U14 Europe qual"]
[Site "Tornelo INT"]
[Date "2020.12.07"]
[Round "1"]
[White "Mecelica, Erikas"]
[Black "Taspinar, Yanki"]
[Result "1-0"]
[WhiteElo "1893"]
[BlackElo "2178"]
[PlyCount "163"]
[EventDate "2020.12.07"]
[EventType "swiss (rapid)"]
[EventRounds "7"]
[EventCountry "ISS"]
[SourceTitle "EXT 2022"]
[Source "ChessBase"]
[SourceDate "2021.10.06"]
[SourceVersion "1"]
[SourceVersionDate "2021.10.06"]
[SourceQuality "1"]

1. e4 e5 2. Nf3 Nc6 3. Nc3 Nf6 4. Bb5 Bb4 5. 0-0 0-0 6. d3 d6 7. Bg5 Bxc3 8. bxc3 Qe7 9. Bxc6 bxc6 10. Nd2 h6 11. Bxf6 Qxf6 12. Qf3 Qxf3 13. Nxf3 f5 14. exf5 Bxf5 15. Nd2 Be6 16. a3 Rab8 17. Rab1 Rb6 18. c4 Rfb8 19. Rb3 Bf5 20. Rfb1 c5 21. f3 Kf7 22. Kf2 Bd7 23. Ke3 Ba4 24. Rxb6 axb6 25. c3 Ke6 26. g3 Bc6 27. Nb3 Ra8 28. Ra1 g5 29. Nd2 Rf8 30. Rf1 Kd7 31. d4 exd4+ 32. cxd4 Re8+ 33. Ne4 Ra8 34. Ra1 cxd4+ 35. Kxd4 Ra4 36. Nc3 Ra5 37. f4 gxf4 38. gxf4 Rh5 39. Ra2 Rh4 40. Rf2 Ke6 41. Ne2 Rh3 42. Ng3 h5 43. f5+ Kf6 44. a4 Bb7 45. Re2 c5+ 46. Kd3 h4 47. Re6+ Kf7 48. Rh6 Rxh2 49. Rh7+ Kf6 50. Nh5+ Kxf5 51. Rxb7 Rh3+ 52. Kd2 Rh2+ 53. Ke3 Rh3+ 54. Kf2 Rc3 55. Rxb6 Rxc4 56. Rxd6 Rxa4 57. Rd5+ Kg4 58. Rxc5 Ra2+ 59. Kg1 Ra1+ 60. Kh2 Ra2+ 61. Kg1 h3 62. Nf6+ Kg3 63. Rc3+ Kh4 64. Ne4 Ra1+ 65. Kh2 Ra2+ 66. Kg1 Rg2+ 67. Kh1 Re2 68. Rc4 Re1+ 69. Kh2 Re2+ 70. Nf2+ Kh5 71. Kg3 h2 72. Rh4+ Kg5 73. Rxh2 Re3+ 74. Kg2 Ra3 75. Rh1 Kf6 76. Rh5 Ra2 77. Rb5 Ke7 78. Kf3 Rc2 79. Ne4 Ra2 80. Kf4 Kd7 81. Ke5 Kc6 82. Rc5+ 1-0

[Event "LTU-ch Rapid op"]
[Site "Panevezys"]
[Date "2020.07.05"]
[Round "10.8"]
[White "Mecelica, Erikas"]
[Black "Berzinsh, Roland"]
[Result "0-1"]
[WhiteElo "1797"]
[BlackElo "2274"]
[PlyCount "54"]
[EventDate "2020.07.04"]
[EventType "swiss (rapid)"]
[EventRounds "11"]
[EventCountry "LTU"]
[SourceTitle "EXT 2023"]
[Source "ChessBase"]
[SourceDate "2022.10.05"]
[SourceVersion "1"]
[SourceVersionDate "2022.10.05"]
[SourceQuality "1"]

1. e4 e5 2. Bc4 Nf6 3. d3 Nc6 4. Nf3 h6 5. h3 g6 6. Nc3 Bg7 7. Be3 0-0 8. Nh4 Kh7 9. Nf3 d6 10. Qd2 Be6 11. Bb3 d5 12. exd5 Nxd5 13. 0-0-0 Nxc3 14. bxc3 Qd6 15. d4 Rad8 16. Kb2 e4 17. Nh2 Na5 18. Qe2 Qc6 19. Nf1 Nc4+ 20. Ka1 f5 21. g3 b5 22. Nd2 Nb6 23. Bxe6 Qxc3+ 24. Kb1 Na4 25. Nc4 bxc4 26. Kc1 Qb2+ 27. Kd2 Qb4+ 0-1

[Event "LTU-ch Rapid op"]
[Site "Panevezys"]
[Date "2020.07.04"]
[Round "1.3"]
[White "Sulskis, Sarunas"]
[Black "Mecelica, Erikas"]
[Result "1-0"]
[WhiteElo "2540"]
[BlackElo "1797"]
[PlyCount "137"]
[EventDate "2020.07.04"]
[EventType "swiss (rapid)"]
[EventRounds "11"]
[EventCountry "LTU"]
[SourceTitle "EXT 2023"]
[Source "ChessBase"]
[SourceDate "2022.10.05"]
[SourceVersion "1"]
[SourceVersionDate "2022.10.05"]
[SourceQuality "1"]

1. c4 Nf6 2. Nc3 g6 3. e4 d6 4. d4 Nbd7 5. Nf3 Bg7 6. e5 dxe5 7. dxe5 Ng4 8. e6 fxe6 9. Ng5 Nde5 10. Qxd8+ Kxd8 11. h3 h6 12. hxg4 hxg5 13. Rxh8+ Bxh8 14. Be2 Bf6 15. Be3 c6 16. 0-0-0+ Bd7 17. Ne4 b6 18. Bxg5 Bg7 19. Rh1 Nf7 20. Bf4 Ke8 21. c5 b5 22. f3 e5 23. Be3 Be6 24. Bd3 Rd8 25. Bb1 Kf8 26. Rd1 Rd5 27. Nc3 Rxd1+ 28. Kxd1 Nd8 29. a3 Kf7 30. Be4 a6 31. Kc2 Bf6 32. g5 Bg7 33. g4 a5 34. Bd2 a4 35. Ne2 Bb3+ 36. Kc3 e6 37. Kb4 Bf8 38. Be3 Bd5 39. Ka5 Ke7 40. Nc3 Kd7 41. Kb6 Bxe4 42. Nxe4 Be7 43. Bd2 Nf7 44. Nf6+ Bxf6 45. gxf6 Nd8 46. Ba5 Nf7 47. Bc3 Ng5 48. Bxe5 Nf7 49. Bf4 Nd8 50. Be3 Nf7 51. Bf4 Nd8 52. Bd6 Nf7 53. f4 Nh6 54. Bf8 Nf7 55. g5 Nd8 56. Bd6 Nf7 57. Be7 Nh8 58. Bd6 Nf7 59. Be7 Nh8 60. Ka5 Nf7 61. Kb4 Nh8 62. Ka5 Nf7 63. Ka6 Nh8 64. Kb7 Nf7 65. Kb6 Nh8 66. Bf8 Nf7 67. Bg7 Nd8 68. f7 Nxf7 69. Bf6 1-0

[Event "LTU-chT"]
[Site "Lithuania"]
[Date "2019.04.28"]
[Round "7.9"]
[White "Ridzvanavicius, Jonas"]
[Black "Mecelica, Erikas"]
[Result "1-0"]
[WhiteElo "2048"]
[BlackElo "1568"]
[PlyCount "61"]
[EventDate "2019.01.26"]
[EventType "team-swiss"]
[EventRounds "7"]
[EventCountry "LTU"]
[SourceTitle "CBM 190 Extra"]
[Source "ChessBase"]
[SourceDate "2019.07.15"]
[SourceVersion "1"]
[SourceVersionDate "2019.07.15"]
[SourceQuality "1"]
[WhiteTeam "Kaunas Margiris III"]
[BlackTeam "Kaunas Ezerelio II"]
[WhiteTeamCountry "LTU"]
[BlackTeamCountry "LTU"]

1. Nf3 Nf6 2. d4 g6 3. Nc3 d5 4. Bf4 c6 5. e3 Bg7 6. Bd3 Bg4 7. h3 Bxf3 8. Qxf3 Nbd7 9. 0-0 Nh5 10. Bg5 Qb6 11. g4 Qxb2 12. Nxd5 cxd5 13. gxh5 e6 14. Rab1 Qc3 15. Rxb7 Qc6 16. Rfb1 0-0 17. h6 Bh8 18. Rxd7 Qxd7 19. Bf6 a6 20. Bxh8 f6 21. Bg7 Rf7 22. c4 a5 23. Rb6 Rc8 24. cxd5 exd5 25. Kg2 f5 26. Ba6 Rd8 27. Bb5 Qe7 28. Qf4 g5 29. Qe5 Qa7 30. Rd6 Rb8 31. Qxd5 1-0

[Event "Vilnius Zavanelli Memorial op-B"]
[Site "Vilnius"]
[Date "2018.10.26"]
[Round "3"]
[White "Voronov, Vadim"]
[Black "Mecelica, Erikas"]
[Result "0-1"]
[WhiteElo "1773"]
[BlackElo "1537"]
[PlyCount "110"]
[EventDate "2018.10.25"]
[EventType "swiss"]
[EventRounds "7"]
[EventCountry "LTU"]
[SourceTitle "CBM 187 Extra"]
[Source "ChessBase"]
[SourceDate "2018.11.04"]
[SourceVersion "1"]
[SourceVersionDate "2018.11.04"]
[SourceQuality "1"]

1. e4 c5 2. d4 cxd4 3. c3 dxc3 4. Nxc3 e6 5. Nf3 Bb4 6. Qd4 Bxc3+ 7. Qxc3 f6 8. Bc4 Ne7 9. 0-0 0-0 10. Rd1 Qb6 11. Be3 Qc6 12. Bc5 Rf7 13. Bxe7 Rxe7 14. Nd4 Qc7 15. Bxe6+ dxe6 16. Qa3 Re8 17. Rac1 Nc6 18. Nb5 Qe7 19. Qg3 e5 20. b4 Qxb4 21. Nc7 Be6 22. Nxa8 Rxa8 23. Rb1 Qe7 24. Rb2 Nd4 25. h4 Rd8 26. Rdb1 b5 27. a4 b4 28. a5 b3 29. f4 Bc4 30. Kh2 Ne2 31. Rxe2 Bxe2 32. Qxb3+ Qf7 33. Qb2 Bc4 34. fxe5 fxe5 35. Qxe5 Re8 36. Rb8 Rxb8 37. Qxb8+ Qf8 38. Qxa7 Qf4+ 39. Kg1 Qxe4 40. Qb8+ Kf7 41. Qc7+ Kg6 42. Qg3+ Kf5 43. Qg5+ Ke6 44. h5 Qe1+ 45. Kh2 Qe5+ 46. Qxe5+ Kxe5 47. Kg3 Be2 48. Kh4 h6 49. a6 Bxa6 50. g4 Kf4 51. Kh3 Bc8 52. Kh4 Bd7 53. Kh3 Bxg4+ 54. Kh4 Bxh5 55. Kxh5 g5 0-1

[Event "Vilnius Zavanelli Memorial op-B"]
[Site "Vilnius"]
[Date "2018.10.25"]
[Round "1"]
[White "Jurksaitis, Juozas"]
[Black "Mecelica, Erikas"]
[Result "1/2-1/2"]
[WhiteElo "1838"]
[BlackElo "1537"]
[PlyCount "46"]
[EventDate "2018.10.25"]
[EventType "swiss"]
[EventRounds "7"]
[EventCountry "LTU"]
[SourceTitle "CBM 187 Extra"]
[Source "ChessBase"]
[SourceDate "2018.11.04"]
[SourceVersion "1"]
[SourceVersionDate "2018.11.04"]
[SourceQuality "1"]

1. e4 c5 2. Nf3 e6 3. d4 cxd4 4. Nxd4 Nc6 5. Be3 Nf6 6. Nd2 Be7 7. Be2 0-0 8. c3 d5 9. Qc2 e5 10. Nf5 Bxf5 11. exf5 d4 12. Bg5 Rc8 13. Bxf6 Bxf6 14. Qe4 Qb6 15. Nc4 Qc5 16. 0-0 dxc3 17. bxc3 b5 18. Ne3 Qxc3 19. Nd5 Qd4 20. Nxf6+ gxf6 21. Qf3 Qf4 22. Qxf4 exf4 23. Bxb5 Nd4 1/2-1/2

[Event "LTU-chT"]
[Site "Lithuania"]
[Date "2018.03.25"]
[Round "5.3"]
[White "Kalinauskas, Rolandas"]
[Black "Mecelica, Erikas"]
[Result "1-0"]
[WhiteElo "1930"]
[BlackElo "1485"]
[PlyCount "71"]
[EventDate "2018.01.27"]
[EventType "team-swiss"]
[EventRounds "7"]
[EventCountry "LTU"]
[SourceTitle "EXT 2019"]
[Source "ChessBase"]
[SourceDate "2018.10.10"]
[SourceVersion "1"]
[SourceVersionDate "2018.10.10"]
[SourceQuality "1"]
[WhiteTeam "Marijampole Suduva"]
[BlackTeam "Kaunas Mirazas"]
[WhiteTeamCountry "LTU"]
[BlackTeamCountry "LTU"]

1. Nf3 Nf6 2. g3 d5 3. c4 c6 4. Bg2 Bf5 5. b3 e6 6. Bb2 Bc5 7. 0-0 Na6 8. d4 Be7 9. Nc3 Nb4 10. Rc1 Ne4 11. a3 Nxc3 12. Rxc3 Na6 13. b4 Rc8 14. Qb3 0-0 15. cxd5 cxd5 16. Rfc1 Rxc3 17. Qxc3 Bd6 18. Ne5 f6 19. Nd3 Bxd3 20. Qxd3 f5 21. e3 Qd7 22. Qc3 Nc7 23. Bf1 a6 24. f3 Na8 25. b5 axb5 26. Qa5 Nc7 27. Qb6 Rb8 28. Bd3 Kf7 29. Rc3 h6 30. Rb3 g5 31. e4 fxe4 32. fxe4 Qc6 33. Qa5 dxe4 34. Rc3 Qd7 35. Bxe4 Na6 36. Rf3+ 1-0

[Event "Panevezys op-C"]
[Site "Panevezys"]
[Date "2017.07.07"]
[Round "4"]
[White "Mecelica, Erikas"]
[Black "Kulneva, Darya"]
[Result "0-1"]
[WhiteElo "1218"]
[BlackElo "1301"]
[PlyCount "110"]
[EventDate "2017.07.06"]
[EventType "swiss"]
[EventRounds "9"]
[EventCountry "LTU"]
[SourceTitle "EXT 2018"]
[Source "ChessBase"]
[SourceDate "2017.10.13"]
[SourceVersion "1"]
[SourceVersionDate "2017.10.13"]
[SourceQuality "1"]

1. Nf3 Nf6 2. d4 g6 3. Bf4 d6 4. e3 Nh5 5. Bg3 Bg7 6. c3 0-0 7. Bd3 Nd7 8. Qc2 e5 9. e4 a5 10. Nbd2 Qe8 11. 0-0 h6 12. a4 g5 13. Nc4 g4 14. Nh4 exd4 15. Nf5 dxc3 16. Nxg7 Kxg7 17. Qxc3+ Kg8 18. Nxa5 Nxg3 19. fxg3 Nc5 20. b4 Nxe4 21. Bxe4 Qxe4 22. Rf4 Qe7 23. Nxb7 Qe5 24. Qxe5 dxe5 25. Re4 Bxb7 26. Rxe5 Rfe8 27. Rh5 Kg7 28. Kf2 Re4 29. Rc5 c6 30. a5 Rxb4 31. a6 Rxa6 32. Rxa6 Bxa6 33. Rxc6 Bb7 34. Rc2 Kg6 35. Rd2 Rb6 36. h4 gxh3 37. gxh3 Rf6+ 38. Kg1 Rf3 39. Kh2 Rf1 40. g4 f6 41. Kg3 Rf3+ 42. Kh4 Ba6 43. Rb2 Bf1 44. Rh2 Kf7 45. Rh1 Ke6 46. Rh2 Ke5 47. Rh1 Kf4 48. Rh2 Rg3 49. Rf2+ Rf3 50. Rh2 Ke3 51. Rh1 Kf2 52. Kh5 Rxh3+ 53. Rxh3 Bxh3 54. Kg6 Bxg4 55. Kxf6 h5 0-1

[Event "Kaunas Christmas"]
[Site "Kaunas"]
[Date "2016.12.14"]
[Round "2.3"]
[White "Daudaravicius, Adomas"]
[Black "Mecelica, Erikas"]
[Result "0-1"]
[WhiteElo "1485"]
[BlackElo "1174"]
[PlyCount "86"]
[EventDate "2016.12.12"]
[EventType "swiss"]
[EventRounds "6"]
[EventCountry "LTU"]
[SourceTitle "EXT 2024"]
[Source "ChessBase"]
[SourceDate "2023.10.10"]
[SourceVersion "1"]
[SourceVersionDate "2023.10.10"]
[SourceQuality "1"]

1. d4 d5 2. c4 c6 3. Nf3 Bf5 4. Nc3 e6 5. e3 Nf6 6. cxd5 exd5 7. Bd3 Bxd3 8. Qxd3 Bd6 9. 0-0 0-0 10. a3 Re8 11. b4 a6 12. Bb2 Nbd7 13. Rac1 Rc8 14. Na4 Nb6 15. Nxb6 Qxb6 16. Ne5 Qd8 17. f4 Nd7 18. Rf3 Bxe5 19. fxe5 Nb6 20. Rcf1 Rc7 21. e4 Nc4 22. Bc1 Nb6 23. exd5 Nxd5 24. Rh3 g6 25. Rg3 Rd7 26. Bg5 Qb6 27. Rd1 Rxe5 28. Be3 Rxe3 29. Rxe3 Nxe3 30. Qxe3 Qd8 31. Qf2 Kg7 32. Qf4 Qf6 33. Qg4 Qe6 34. Qf3 Qf6 35. Qg4 Qf5 36. Qg3 Qe4 37. Qc3 f6 38. Kh1 h5 39. Re1 Qxd4 40. Re7+ Rxe7 41. Qxd4 Re1+ 42. Qg1 Rxg1+ 43. Kxg1 f5 0-1

[Event "WchT Amateur"]
[Site "Kaunas"]
[Date "2016.11.27"]
[Round "8.4"]
[White "Juksta, Karolis"]
[Black "Mecelica, Erikas"]
[Result "1-0"]
[WhiteElo "2050"]
[BlackElo "1180"]
[PlyCount "103"]
[EventDate "2016.11.20"]
[EventType "team-swiss"]
[EventRounds "9"]
[EventCountry "LTU"]
[SourceTitle "CBM 175 Extra"]
[Source "ChessBase"]
[SourceDate "2016.12.12"]
[SourceVersion "1"]
[SourceVersionDate "2016.12.12"]
[SourceQuality "1"]
[WhiteTeam "Lithuania VDU"]
[BlackTeam "Lithuania GAJA II"]
[WhiteTeamCountry "LTU"]
[BlackTeamCountry "LTU"]

1. d4 d5 2. c4 c6 3. Nf3 Bf5 4. cxd5 cxd5 5. Qb3 Qc7 6. Nc3 e6 7. Nb5 Qb6 8. Bf4 Na6 9. Qa4 Qc6 10. Rc1 Bb4+ 11. Kd1 Qd7 12. Ne5 Qd8 13. Nc7+ Kf8 14. Nxa8 Qxa8 15. Qd7 Ne7 16. a3 Ba5 17. b4 Bb6 18. e4 dxe4 19. Bxa6 bxa6 20. Nc6 Nxc6 21. Rxc6 e5 22. Qd6+ Kg8 23. Bxe5 h5 24. Qb8+ Qxb8 25. Bxb8 Bxd4 26. f3 Kh7 27. Bd6 Rd8 28. Ke1 Re8 29. f4 e3 30. Be5 Bb6 31. Ke2 Rd8 32. Rd6 Rc8 33. Bd4 Bxd4 34. Rxd4 Rc3 35. h3 Rc2+ 36. Kf3 Rf2+ 37. Kxe3 Rxg2 38. Rd5 g6 39. Ra5 Bc8 40. Rc1 Bxh3 41. Rxa6 Be6 42. Rxa7 h4 43. Rh1 h3 44. f5 gxf5 45. Rxh3+ Kg6 46. Rh1 Rg3+ 47. Kf2 Rb3 48. Rg1+ Kf6 49. Ra5 Bd7 50. Rd1 Ke7 51. Ra7 Rb2+ 52. Kf3 1-0

[Event "Kaunas Butnorius 70 op"]
[Site "Kaunas"]
[Date "2016.08.05"]
[Round "8"]
[White "Jeremicius, Sarunas"]
[Black "Mecelica, Erikas"]
[Result "1-0"]
[WhiteElo "1320"]
[BlackElo "1127"]
[PlyCount "149"]
[EventDate "2016.08.01"]
[EventType "swiss"]
[EventRounds "9"]
[EventCountry "LTU"]
[SourceTitle "CBM 173 Extra"]
[Source "ChessBase"]
[SourceDate "2016.08.29"]
[SourceVersion "1"]
[SourceVersionDate "2016.08.29"]
[SourceQuality "1"]

1. c4 g6 2. g3 Bg7 3. Bg2 e5 4. Nc3 f5 5. d3 d6 6. b4 a6 7. Rb1 c6 8. Qb3 Be6 9. f4 Nd7 10. Nh3 h6 11. 0-0 Ngf6 12. Be3 Ng4 13. Bd2 0-0 14. Nf2 Ndf6 15. h3 Nxf2 16. Rxf2 Nh5 17. Kh2 Nf6 18. a4 Qc7 19. Qc2 Rab8 20. b5 axb5 21. axb5 c5 22. Qc1 Kh7 23. Qc2 b6 24. Rg1 h5 25. e3 Rbd8 26. Bc6 d5 27. cxd5 Nxd5 28. Nxd5 Bxd5 29. Bxd5 Rxd5 30. g4 fxg4 31. hxg4 exf4 32. exf4 Bd4 33. Rfg2 Bxg1+ 34. Kxg1 Qg7 35. Bc3 Qf7 36. f5 gxf5 37. g5 Rg8 38. Bf6 Rd6 39. Kf1 Qd7 40. Qe2 Kg6 41. Rh2 Qh7 42. Qe5 Qd7 43. Qe2 Qh7 44. Qe5 Rxd3 45. Rf2 Qd7 46. Be7 Rd1+ 47. Kg2 Qd5+ 48. Qxd5 Rxd5 49. Re2 Kf7 50. Bf6 Re8 51. Ra2 Rd7 52. Kg3 Kg6 53. Ra6 Rb8 54. Kf4 Rbb7 55. Ra8 Rh7 56. Rg8+ Kf7 57. Rc8 Ke6 58. Rc6+ Kd5 59. Kxf5 Rb8 60. Kg6 Rhb7 61. Kxh5 Kc4 62. g6 Kxb5 63. Rd6 Kb4 64. g7 c4 65. Kg6 b5 66. Bd8 Rxg7+ 67. Kxg7 Rxd8 68. Rxd8 Kb3 69. Kf6 c3 70. Ke5 b4 71. Kd4 c2 72. Rc8 Kb2 73. Kd3 Kb1 74. Rxc2 b3 75. Re2 1-0

[Event "Kaunas Butnorius 70 op"]
[Site "Kaunas"]
[Date "2016.08.05"]
[Round "7"]
[White "Mecelica, Erikas"]
[Black "Silkaitis, Laimis"]
[Result "0-1"]
[WhiteElo "1127"]
[BlackElo "1720"]
[PlyCount "72"]
[EventDate "2016.08.01"]
[EventType "swiss"]
[EventRounds "9"]
[EventCountry "LTU"]
[SourceTitle "CBM 173 Extra"]
[Source "ChessBase"]
[SourceDate "2016.08.29"]
[SourceVersion "1"]
[SourceVersionDate "2016.08.29"]
[SourceQuality "1"]

1. e4 c5 2. Nf3 e6 3. Nc3 Nc6 4. Bc4 a6 5. a4 Qc7 6. b3 Nf6 7. d3 Be7 8. Be3 0-0 9. h3 Rd8 10. d4 cxd4 11. Nxd4 Bb4 12. Bd2 Nxd4 13. 0-0 Nc6 14. Be1 b6 15. Na2 Bxe1 16. Rxe1 Bb7 17. f3 d5 18. exd5 Nxd5 19. Bxd5 Rxd5 20. Qc1 Nb4 21. Nxb4 Qc5+ 22. Kh2 Qxb4 23. Qe3 Rad8 24. c3 Qd6+ 25. Kh1 Rd2 26. Re2 Rxe2 27. Qxe2 h6 28. c4 Qf4 29. Qf2 Rd2 30. Qf1 Qe3 31. Qe1 Qf4 32. Qf1 Qg3 33. Rd1 Rf2 34. Rd8+ Kh7 35. Qb1+ g6 36. Qg1 Bxf3 0-1